000 00431nam a2200181Ia 4500
001 3855
005 20260306145714.0
008 260306t2022||||xx |||||||||||||| ||spa||
041 _aESP
082 _a303.64
_bH62
100 _aHobsbawm, Eric
_eAUT
245 0 _aRevolucionarios:
_bensayos contemporáneos
260 _c2022
300 _a397 páginas :
_c23 cm.
650 _aGEN
654 _aCHU
942 _cLIB
_dJUS
_fJUS
_2ddc
_n
999 _c3855
_d3855